[Event "POR-ch U14/20"]
[Site "Fatima"]
[Date "2022.04.12"]
[Round "4"]
[White "Cunha, Alexandre Rodrigo V"]
[Black "Maciel, Rafael Figueiredo C"]
[Result "1-0"]
[WhiteElo "1603"]
[BlackElo "1665"]
[PlyCount "129"]
[EventDate "2022.04.10"]
[EventType "swiss"]
[EventRounds "9"]
[EventCountry "POR"]
[SourceTitle "EXT 2023"]
[Source "ChessBase"]
[SourceDate "2022.10.05"]
[SourceVersion "1"]
[SourceVersionDate "2022.10.05"]
[SourceQuality "1"]

1. e4 e5 2. Nf3 Nc6 3. Bc4 Bc5 4. Nc3 Nf6 5. d3 h6 6. Be3 Bb6 7. 0-0 d6 8. d4 Bg4 9. Bb5 exd4 10. Bxd4 Bxd4 11. Qxd4 0-0 12. Bxc6 bxc6 13. Qd3 Rb8 14. b3 Bxf3 15. Qxf3 Re8 16. Rfe1 Rf8 17. Rf1 Re8 18. Rfe1 Qe7 19. h3 Qe5 20. Rad1 d5 21. exd5 Qxe1+ 22. Rxe1 Rxe1+ 23. Kh2 cxd5 24. Nxd5 Nxd5 25. Qxd5 Rf1 26. Qc5 Re8 27. Qxa7 Re2 28. Qxc7 Rfxf2 29. Qb7 Rxc2 30. a4 Ra2 31. Qa8+ Kh7 32. a5 Rfb2 33. Qe4+ Kg8 34. b4 g6 35. Qb7 Rb1 36. a6 Rba1 37. b5 Kg7 38. Qc7 Rxa6 39. bxa6 Rxa6 40. Qe5+ Rf6 41. g4 g5 42. Kg3 Kg6 43. h4 gxh4+ 44. Kxh4 Rf1 45. Qe4+ Kg7 46. Kh5 Rc1 47. Qe5+ Kh7 48. Qd5 Kg7 49. Qe5+ Kh7 50. Qe4+ Kg7 51. Qd5 Re1 52. Qd4+ Kh7 53. Qd3+ Kg8 54. Kxh6 Rh1+ 55. Kg5 Kg7 56. Qd4+ Kg8 57. Qd8+ Kg7 58. Qf6+ Kg8 59. Qf3 Rh2 60. Qf4 Rh1 61. Kf6 Rg1 62. Qg5+ Kf8 63. Qg7+ Ke8 64. Qxf7+ Kd8 65. Qd5+ 1-0

[Event "POR-ch U16"]
[Site "Luso"]
[Date "2018.03.25"]
[Round "3"]
[White "Marques, Ricardo Martinho"]
[Black "Maciel, Rafael Figueiredo C"]
[Result "0-1"]
[WhiteElo "1200"]
[BlackElo "1428"]
[PlyCount "96"]
[EventDate "2018.03.24"]
[EventType "swiss"]
[EventRounds "7"]
[EventCountry "POR"]
[SourceTitle "EXT 2019"]
[Source "ChessBase"]
[SourceDate "2018.10.10"]
[SourceVersion "1"]
[SourceVersionDate "2018.10.10"]
[SourceQuality "1"]

1. e4 e5 2. Nf3 Nc6 3. Bc4 Bc5 4. c3 Nf6 5. d4 exd4 6. cxd4 Bb4+ 7. Bd2 Nxe4 8. Bxb4 Nxb4 9. Bxf7+ Kxf7 10. Qb3+ d5 11. Qxb4 Rf8 12. 0-0 Kg8 13. Nc3 Rxf3 14. Nxe4 Rf8 15. Ng3 c6 16. Rfe1 Re8 17. Rxe8+ Qxe8 18. Re1 Qf8 19. Qb3 Qf7 20. Qe3 Bd7 21. Qe7 Re8 22. Qxf7+ Kxf7 23. Rxe8 Bxe8 24. Nf5 b6 25. b4 Bd7 26. Ne3 Ke7 27. f4 g6 28. Kf2 Kd6 29. Ke2 c5 30. dxc5+ bxc5 31. bxc5+ Kxc5 32. Kd3 d4 33. Nc2 Bf5+ 34. Kd2 Bxc2 35. Kxc2 Kc4 36. g4 d3+ 37. Kd2 Kd4 38. f5 gxf5 39. gxf5 Ke5 40. Kxd3 Kxf5 41. Ke3 Kg4 42. Kf2 Kf4 43. h3 a6 44. Kg2 h5 45. Kf2 h4 46. a3 a5 47. a4 Ke4 48. Ke2 Kd4 0-1

[Event "POR-ch U16"]
[Site "Luso"]
[Date "2017.04.11"]
[Round "5"]
[White "Maciel, Rafael Figueiredo C"]
[Black "Machado, Tiago Candido Leita"]
[Result "1-0"]
[WhiteElo "1415"]
[BlackElo "1292"]
[PlyCount "36"]
[EventDate "2017.04.08"]
[EventType "swiss"]
[EventRounds "7"]
[EventCountry "POR"]
[SourceTitle "EXT 2018"]
[Source "ChessBase"]
[SourceDate "2017.10.13"]
[SourceVersion "1"]
[SourceVersionDate "2017.10.13"]
[SourceQuality "1"]

1. e4 e6 2. d4 d5 3. exd5 exd5 4. Nf3 c5 5. c3 Nf6 6. b3 Nc6 7. Bd3 Be7 8. Nbd2 0-0 9. 0-0 Qb6 10. Bb2 Bg4 11. Re1 cxd4 12. cxd4 Bb4 13. Re3 Bxd2 14. Qxd2 Bxf3 15. Rxf3 Nxd4 16. Bxd4 Qd6 17. Bxf6 gxf6 18. Qh6 Rfe8 1-0

[Event "POR-ch U14"]
[Site "Luso"]
[Date "2015.07.25"]
[Round "6"]
[White "Maciel, Rafael Figueiredo C"]
[Black "Martins, Jose Manuel Oliveir"]
[Result "0-1"]
[WhiteElo "1299"]
[BlackElo "1428"]
[PlyCount "68"]
[EventDate "2015.07.22"]
[EventType "swiss"]
[EventRounds "7"]
[EventCountry "POR"]
[SourceTitle "EXT 2018"]
[Source "ChessBase"]
[SourceDate "2017.10.13"]
[SourceVersion "1"]
[SourceVersionDate "2017.10.13"]
[SourceQuality "1"]

1. e4 e5 2. Nf3 Nc6 3. Bb5 Bc5 4. Bxc6 dxc6 5. d3 Bg4 6. h3 Bh5 7. g4 Bg6 8. Be3 Bxe3 9. fxe3 Qe7 10. Nc3 Nf6 11. Qd2 0-0-0 12. 0-0-0 Nxe4 13. Qe1 Nf6 14. e4 h5 15. g5 Nh7 16. h4 Nf8 17. Qg3 f6 18. gxf6 gxf6 19. Rhf1 Rg8 20. Qf2 Kb8 21. d4 Nd7 22. Rfe1 Nb6 23. Qh2 Nc4 24. d5 Qb4 25. Rd3 Nxb2 26. Nb1 Nxd3+ 27. cxd3 cxd5 28. Rd1 dxe4 29. dxe4 Rxd1+ 30. Kxd1 Qxb1+ 31. Ke2 Qxa2+ 32. Nd2 Bxe4 33. Ke3 Qc2 34. Qf2 Qd3# 0-1